| 000 | 00381nam a22001577a 4500 | ||
|---|---|---|---|
| 005 | 20170925143436.0 | ||
| 008 | 170919b xxu||||| |||| 00| 0 eng d | ||
| 020 | _a978-93-80386-64-5 | ||
| 041 | _aeng | ||
| 082 | _a660 | ||
| 100 |
_aSharma,Dr Sanjay K _93961 |
||
| 245 | _aEngineering Chemistry I | ||
| 260 |
_aNew Delhi _bUnversity Science Press |
||
| 300 | _a2902 | ||
| 942 | _cBK | ||
| 999 |
_c5598 _d5596 |
||